| 000 | 01979nam a2200421 i 4500 | ||
|---|---|---|---|
| 001 | 15653 | ||
| 003 | ES-MaACL | ||
| 005 | 20250803063030.0 | ||
| 007 | t| | ||
| 008 | 000504s1992 sp ||||1| spa d | ||
| 017 |
_aM 27559-1992 _bOficina Depósito Legal Madrid |
||
| 020 | _a84-7100-554-9 | ||
| 040 | _aZA-BP | ||
| 080 | _a9(=1.495:7/8)(091) | ||
| 080 | _a325(=1.495:7/8)(091) | ||
| 100 | 1 |
_aKitroeff, Alexander, _d1955- _eaut _968163 |
|
| 245 | 1 | 0 |
_aGriegos en América / _cAlexander Kitroeff ; traducción, Isabel M. Romero |
| 260 |
_aMadrid : _bMAPFRE, _c[1992] |
||
| 300 |
_a296 páginas : _btablas ; _c23 cm |
||
| 490 | 1 |
_aColección América, crisol de pueblos _v4 _9179309 |
|
| 490 | 1 |
_aColecciones MAPFRE 1492 _9241455 |
|
| 500 | _aÍndices | ||
| 500 | _aCronología | ||
| 504 | _aBibliografía: páginas [275]-284 | ||
| 505 | 0 | _aLa Diáspora en la historia de Grecia; Emigración transatlántica, 1492-1890; Emigración masiva a América, 1890-1930; Emigración transatlántica desde 1924 hasta nuestros días; Distribución geográfica y actividades profesionales; La presencia griega vista por los americanos; Identidad griega en América; Contribución griega en América; Instituciones étnicas griegas; La iglesia ortodoxa griega en América; Grecia y los griegos de América; Los griegos de América y Grecia | |
| 530 | _aDisponible en formato digital | ||
| 650 | 4 |
_aGriegos- _zAmérica _913162 |
|
| 700 | 1 |
_aRomero, Isabel M. _etrl _999329 |
|
| 710 | 2 |
_aFundación MAPFRE América _eisb _94363 |
|
| 710 | 2 |
_aFundación MAPFRE _eedt _94362 |
|
| 830 | 0 |
_aColección América, crisol de pueblos _v4 _9179309 |
|
| 830 | 0 |
_aColecciones MAPFRE 1492 _9241455 |
|
| 852 |
_aES-MaACL _bR.124224 _cDEPO2 _jL-23022 |
||
| 856 |
_uhttps://archive.org/details/kitroeff-a.-griegos-en-america-1992/mode/2up _yVersión en línea _z(Internet Archive) |
||
| 942 |
_2udc _cMONOGRAFIA _n0 |
||
| 999 |
_c15653 _d15653 |
||